000 00777nam a2200217Ia 4500
001 17055
003 GE_BSU
008 181216s||||||||xx |||||||||||||| ||und||
040 _cGE_BSU
080 _a821.353.1-32 + 821.161.1-32+ 351.746.1(47+57)
245 _aმტერთან პირისპირ
245 _bდოკ. მოთხრობები
245 _cრედ.გენერალ-მაიორი ნ. შ.მაისურაძე. რედ. ნ. მაძაღუა
260 _aთბილისი
260 _bმერანი
260 _c1985
300 _a500გვ. : ილ. ; 20სმ
653 _aდოკ. მოთხრობები
653 _aმტერთან პირისპირ
942 _cBK
999 _c50117
_d50117